Statistics for Countries Quiz [Easy]

Click here to take the quiz!

General Stats

  • This quiz has been taken 132 times
  • The average score is 4 of 5

Answer Stats

QuestionAnswer% Correct
Which country belongs to the capital Rome?Italy
85%
Where does United States belong to which continent?North America
85%
Which country owns the famous landmark, Big Ben?United Kingdom
82%
Are there 190 countries in the world?False
68%
What is the smallest country in the world?Vatican
61%

Score Distribution

Percentile by Number Answered

Percent of People with Each Score

Your Score History

You have not taken this quiz